| 000 | 01253cam a2200325 a 4500 | ||
|---|---|---|---|
| 999 |
_c27240 _d27240 |
||
| 001 | 2054002 | ||
| 005 | 20170207163557.0 | ||
| 008 | 940614s1993 azua 001 0 eng d | ||
| 010 | _a 93078539 | ||
| 020 |
_a1881955087 (pbk.) : _c$14.95 ($18.95 Can.) |
||
| 020 | _a1881955095 | ||
| 035 | _a(OCoLC)28923149 | ||
| 043 | _an-usn-- | ||
| 050 | 0 | 4 | _aNA7210 .N48 1993 |
| 245 | 0 | 0 |
_aNew England sampler : _ba treasury of home plans & decorating ideas from colonial America : 264 plans, 200 interiors. |
| 260 |
_aTucson, Ariz. : _bHome Planners, _cc1993. |
||
| 300 |
_a383 p. : _bill. (some col.) ; _c28 cm. |
||
| 500 | _aIncludes index. | ||
| 650 | 0 |
_aArchitecture, Domestic _zNew England _xDesigns and plans. |
|
| 650 | 0 |
_aArchitecture, Colonial _zNew England _xDesigns and plans. |
|
| 710 | 2 | _aHome Planners, inc. | |
| 942 |
_2lcc _cBOOKS |
||